[Event "12. Obert Int. Sant Marti 2010 - B"]
[Site "Barcelona ESP"]
[Date "2010.07.16"]
[Round "4.10"]
[White "Fernandez Diaz, Cristian"]
[Black "Serentill Tost, Eduard"]
[Result "1/2-1/2"]
[WhiteElo "1930"]
[BlackElo "1776"]
[PlyCount "119"]
[EventDate "2010.07.13"]
[EventType "swiss"]
[EventRounds "9"]
[EventCountry "ESP"]
[SourceTitle "Ajedrez en Madrid"]
[Source "lmi"]
[SourceDate "2010.07.13"]
[SourceVersion "1"]
[SourceVersionDate "2019.06.18"]
[SourceQuality "1"]

1. d4 Nf6 2. Bg5 g6 3. Bxf6 exf6 4. e3 Bg7 5. Nf3 O-O 6. c4 d6 7. g3 Nc6 8. Bg2
Rb8 9. Nc3 a6 10. Nd2 Ne7 11. a4 b6 12. O-O Bb7 13. Bxb7 Rxb7 14. b4 c5 15. Rb1
f5 16. Nf3 Nc6 17. bxc5 dxc5 18. Nd5 cxd4 19. exd4 Na5 20. Ne3 Bh6 21. Qd3 Qd7
22. Nd5 Qd6 23. Nxb6 Rd8 24. c5 Qxc5 25. Qxa6 Qc6 26. Ne5 Qc3 27. Nec4 Nxc4 28.
Qxb7 Nd2 29. Qe7 Bg5 30. Qc5 Nxb1 31. Rxb1 Qxd4 32. Qxd4 Rxd4 33. a5 Bd8 34.
Kf1 Kg7 35. Ke2 Rd6 36. Nc4 Rd4 37. Rc1 Rxc4 38. Rxc4 Bxa5 39. f3 Bd8 40. Kd3
Bf6 41. Rc7 Be5 42. Rb7 h5 43. Kc4 h4 44. Kd5 Bf6 45. g4 fxg4 46. fxg4 Bg5 47.
h3 Kf8 48. Ke5 Kg7 49. Kd6 Bf4+ 50. Ke7 f5 51. Ke6+ Kh6 52. gxf5 gxf5 53. Kxf5
Bg3 54. Kf6 Bf4 55. Ra7 Kh5 56. Ra5+ Kh6 57. Ra4 Bg3 58. Kf5 Kh5 59. Rg4 Bf2
60. Rxh4+ 1/2-1/2

[Event "12. Obert Int. Sant Marti 2010 - B"]
[Site "Barcelona ESP"]
[Date "2010.07.16"]
[Round "4.12"]
[White "Casals Ruisanchez, Josep Maria"]
[Black "Poyato Plaza, Daniel"]
[Result "0-1"]
[WhiteElo "1781"]
[BlackElo "1893"]
[PlyCount "80"]
[EventDate "2010.07.13"]
[EventType "swiss"]
[EventRounds "9"]
[EventCountry "ESP"]
[SourceTitle "Ajedrez en Madrid"]
[Source "lmi"]
[SourceDate "2010.07.13"]
[SourceVersion "1"]
[SourceVersionDate "2019.06.18"]
[SourceQuality "1"]

1. d4 f5 2. c4 Nf6 3. Nc3 e6 4. Bg5 Be7 5. Qc2 d6 6. e4 fxe4 7. Nxe4 Nxe4 8.
Bxe7 Qxe7 9. Qxe4 O-O 10. Nf3 Nc6 11. Bd3 g6 12. a3 e5 13. Qe3 Bg4 14. d5 Bxf3
15. gxf3 Nd4 16. O-O-O Rxf3 17. Qe1 Raf8 18. Kb1 Rxf2 19. Bxg6 Re2 20. Qg3 hxg6
21. Qxg6+ Kh8 22. Rd3 Qh7 23. Qxh7+ Kxh7 24. Rh3+ Kg7 25. Rg1+ Kf6 26. Rh6+ Ke7
27. Rg7+ Rf7 28. Rxf7+ Kxf7 29. Rh7+ Kf6 30. Rxc7 Rxh2 31. c5 dxc5 32. d6 Ne6
33. Rxb7 Rd2 34. Rxa7 Rxd6 35. Kc2 Nd4+ 36. Kc1 e4 37. Rh7 e3 38. Kd1 Nf5+ 39.
Ke1 Rd2 40. Rc7 Nd4 0-1

[Event "12. Obert Int. Sant Marti 2010 - B"]
[Site "Barcelona ESP"]
[Date "2010.07.17"]
[Round "5.1"]
[White "Riekenbrauk, Joerg"]
[Black "Reyes Jimenez, Alex"]
[Result "1-0"]
[WhiteElo "1946"]
[BlackElo "1904"]
[PlyCount "43"]
[EventDate "2010.07.13"]
[EventType "swiss"]
[EventRounds "9"]
[EventCountry "ESP"]
[SourceTitle "Ajedrez en Madrid"]
[Source "lmi"]
[SourceDate "2010.07.13"]
[SourceVersion "1"]
[SourceVersionDate "2019.06.18"]
[SourceQuality "1"]

1. e4 e5 2. Nf3 Nc6 3. d4 exd4 4. c3 d5 5. exd5 Qxd5 6. cxd4 Bb4+ 7. Nc3 Bg4 8.
Be2 O-O-O 9. O-O Qh5 10. Be3 Nge7 11. h3 Be6 12. Ng5 Qg6 13. Bh5 Qf6 14. Nce4
Qf5 15. Bg4 Qd5 16. Nxe6 fxe6 17. Ng5 Nf5 18. Nf7 Nxe3 19. fxe3 Qe4 20. Qf3
Qxf3 21. Rxf3 Rhf8 22. Bxe6+ 1-0

[Event "12. Obert Int. Sant Marti 2010 - B"]
[Site "Barcelona ESP"]
[Date "2010.07.17"]
[Round "5.2"]
[White "Marina De La Torre, Ivan"]
[Black "Agostinho, Tito André Quiela"]
[Result "1/2-1/2"]
[WhiteElo "1944"]
[BlackElo "2000"]
[PlyCount "75"]
[EventDate "2010.07.13"]
[EventType "swiss"]
[EventRounds "9"]
[EventCountry "ESP"]
[SourceTitle "Ajedrez en Madrid"]
[Source "lmi"]
[SourceDate "2010.07.13"]
[SourceVersion "1"]
[SourceVersionDate "2019.06.18"]
[SourceQuality "1"]

1. d4 d5 2. c4 c6 3. Nc3 Nf6 4. cxd5 cxd5 5. Nf3 Nc6 6. Bf4 e6 7. e3 Bb4 8. Bd3
Qa5 9. Qb3 Bd7 10. O-O O-O 11. h3 Rfc8 12. Rfc1 Nd8 13. a4 a6 14. Na2 Be7 15.
Nc3 Bb4 16. Na2 Be7 17. Nc3 h6 18. Be2 Rc6 19. Ne5 Rb6 20. Qa2 Bd6 21. Nxd7
Nxd7 22. Bxd6 Rxd6 23. Rc2 Nc6 24. Qa3 Nb4 25. Rcc1 Rc6 26. Rab1 Rac8 27. Bf1
Nb6 28. Qb3 Nc4 29. Bxc4 Rxc4 30. Ne2 R8c6 31. Rc3 Qc7 32. Rbc1 Nd3 33. R1c2 a5
34. Rxc4 dxc4 35. Qb5 Nb4 36. Rc1 Nd3 37. Rc2 Nb4 38. Rc1 1/2-1/2

[Event "12. Obert Int. Sant Marti 2010 - B"]
[Site "Barcelona ESP"]
[Date "2010.07.17"]
[Round "5.3"]
[White "Perez Vizcaino, Joan Manel"]
[Black "Castrillo Mansego, Pablo"]
[Result "0-1"]
[WhiteElo "1835"]
[BlackElo "1945"]
[PlyCount "106"]
[EventDate "2010.07.13"]
[EventType "swiss"]
[EventRounds "9"]
[EventCountry "ESP"]
[SourceTitle "Ajedrez en Madrid"]
[Source "lmi"]
[SourceDate "2010.07.13"]
[SourceVersion "1"]
[SourceVersionDate "2019.06.18"]
[SourceQuality "1"]

1. e4 e6 2. d4 d5 3. exd5 exd5 4. Bd3 Bd6 5. Nf3 Bg4 6. h3 Bh5 7. O-O Nc6 8. c3
Qd7 9. Nbd2 Nge7 10. b4 g5 11. b5 Nd8 12. Qe2 Ne6 13. Nb3 O-O-O 14. g4 Bg6 15.
Nxg5 Nf4 16. Bxf4 Bxf4 17. Nf3 Bxd3 18. Qxd3 Rdg8 19. Ne5 Bxe5 20. dxe5 h5 21.
f3 Ng6 22. Nc5 Qd8 23. Qf5+ Kb8 24. Nd7+ Ka8 25. Nf6 Nh4 26. Qd3 Rg5 27. Qxd5
Qxf6 28. f4 Qb6+ 29. Qd4 Rgg8 30. Qxb6 axb6 31. g5 Rd8 32. a4 Rd2 33. a5 Rhd8
34. axb6+ Kb8 35. bxc7+ Kxc7 36. Rf2 Rxf2 37. Kxf2 Rd2+ 38. Ke3 Rh2 39. Kd4
Rxh3 40. c4 Ng6 41. f5 Ne7 42. f6 Ng6 43. Ra8 Rg3 44. c5 Rg4+ 45. Kc3 Nxe5 46.
b6+ Kc6 47. Rc8+ Kb5 48. Rc7 Rc4+ 49. Kb2 Nd3+ 50. Kb1 Rc1+ 51. Ka2 Kb4 52.
Rxb7 Rc2+ 53. Kb1 Kb3 0-1

[Event "12. Obert Int. Sant Marti 2010 - B"]
[Site "Barcelona ESP"]
[Date "2010.07.17"]
[Round "5.4"]
[White "Pariente Lopez, Eduard"]
[Black "Serra Vilaro, Agustin"]
[Result "1/2-1/2"]
[WhiteElo "1965"]
[BlackElo "1877"]
[PlyCount "66"]
[EventDate "2010.07.13"]
[EventType "swiss"]
[EventRounds "9"]
[EventCountry "ESP"]
[SourceTitle "Ajedrez en Madrid"]
[Source "lmi"]
[SourceDate "2010.07.13"]
[SourceVersion "1"]
[SourceVersionDate "2019.06.18"]
[SourceQuality "1"]

1. e4 d5 2. exd5 Qxd5 3. Nc3 Qd6 4. Bc4 Nf6 5. Nge2 Bg4 6. f3 Bf5 7. d3 e5 8.
Be3 c6 9. Ng3 Bg6 10. Nge4 Qc7 11. Nxf6+ gxf6 12. Ne4 Nd7 13. Qd2 Be7 14. O-O-O
Nb6 15. Bb3 O-O-O 16. Qa5 Kb8 17. Nc3 Nc8 18. Qxc7+ Kxc7 19. f4 Rd7 20. g4 exf4
21. Bxf4+ Bd6 22. Bxd6+ Nxd6 23. Rhf1 f5 24. g5 Re7 25. Kd2 h6 26. gxh6 Rxh6
27. Rf2 Kd7 28. Re1 Rxe1 29. Kxe1 Ke7 30. Ke2 Rh3 31. a3 Ne8 32. Kf1 Rh4 33.
Kg2 Ng7 1/2-1/2

[Event "12. Obert Int. Sant Marti 2010 - B"]
[Site "Barcelona ESP"]
[Date "2010.07.17"]
[Round "5.5"]
[White "Salazar Navas, Josep"]
[Black "Diaz Nieto, Alberto"]
[Result "0-1"]
[WhiteElo "1841"]
[BlackElo "1957"]
[PlyCount "59"]
[EventDate "2010.07.13"]
[EventType "swiss"]
[EventRounds "9"]
[EventCountry "ESP"]
[SourceTitle "Ajedrez en Madrid"]
[Source "lmi"]
[SourceDate "2010.07.13"]
[SourceVersion "1"]
[SourceVersionDate "2019.06.18"]
[SourceQuality "1"]

1. e4 d5 2. exd5 Qxd5 3. Nc3 Qa5 4. d4 Nf6 5. Nf3 Bg4 6. h3 Bh5 7. g4 Bg6 8.
Bd2 c6 9. Bc4 e6 10. Nd5 Qd8 11. Nxf6+ gxf6 12. Qe2 Be7 13. O-O-O b5 14. Bb3 a5
15. a3 Qb6 16. h4 h5 17. g5 a4 18. Ba2 b4 19. Bxb4 Bxb4 20. axb4 a3 21. Bxe6
O-O 22. Bxf7+ Bxf7 23. gxf6 a2 24. Rhg1+ Kh8 25. Qe3 a1=Q+ 26. Kd2 Qxb4+ 27.
Ke2 Bc4+ 28. Rd3 Bxd3+ 29. Kxd3 Qa6+ 30. c4 0-1

[Event "12. Obert Int. Sant Marti 2010 - B"]
[Site "Barcelona ESP"]
[Date "2010.07.17"]
[Round "5.6"]
[White "Porras Dalmau, Daniel"]
[Black "Rabinovich, Yacov"]
[Result "1/2-1/2"]
[WhiteElo "1951"]
[BlackElo "1773"]
[PlyCount "77"]
[EventDate "2010.07.13"]
[EventType "swiss"]
[EventRounds "9"]
[EventCountry "ESP"]
[SourceTitle "Ajedrez en Madrid"]
[Source "lmi"]
[SourceDate "2010.07.13"]
[SourceVersion "1"]
[SourceVersionDate "2019.06.18"]
[SourceQuality "1"]

1. d4 d5 2. c4 dxc4 3. e3 Nf6 4. Bxc4 e6 5. Nf3 c5 6. O-O cxd4 7. exd4 Be7 8.
Nc3 O-O 9. Ne5 Nc6 10. Be3 Nd5 11. Nxd5 exd5 12. Bd3 Be6 13. Nxc6 bxc6 14. Qc2
Qd7 15. Bxh7+ Kh8 16. Bd3 f5 17. Bf4 Bd6 18. Bxd6 Qxd6 19. Qc5 Qxc5 20. dxc5
Kg8 21. Rfe1 Kf7 22. f3 Rab8 23. Re2 a5 24. Rae1 Rfe8 25. Kf2 g6 26. Rc1 Bd7
27. Rxe8 Bxe8 28. Rc2 Kf6 29. Kg3 Bf7 30. Rd2 Rb4 31. a3 f4+ 32. Kf2 Rb3 33.
Bb1 g5 34. Bd3 Bg6 35. Bxg6 Kxg6 36. Ke2 Kf5 37. Kd1 Ke5 38. Kc1 a4 39. Re2+
1/2-1/2

[Event "12. Obert Int. Sant Marti 2010 - B"]
[Site "Barcelona ESP"]
[Date "2010.07.17"]
[Round "5.7"]
[White "Poyato Plaza, Daniel"]
[Black "Poyato Ruiz, Fernando"]
[Result "1-0"]
[WhiteElo "1893"]
[BlackElo "1754"]
[PlyCount "63"]
[EventDate "2010.07.13"]
[EventType "swiss"]
[EventRounds "9"]
[EventCountry "ESP"]
[SourceTitle "Ajedrez en Madrid"]
[Source "lmi"]
[SourceDate "2010.07.13"]
[SourceVersion "1"]
[SourceVersionDate "2019.06.18"]
[SourceQuality "1"]

1. d4 e6 2. c4 Nf6 3. Nc3 Bb4 4. Qc2 c5 5. e3 d6 6. Bd3 Nc6 7. Nge2 e5 8. d5
Bxc3+ 9. Nxc3 Nb4 10. Qe2 Nxd3+ 11. Qxd3 O-O 12. e4 Nh5 13. Qe2 Qh4 14. g3 Qh3
15. Bd2 Bg4 16. Qf1 Qxf1+ 17. Rxf1 Bf3 18. Rg1 Nf6 19. Bg5 Bxe4 20. Bxf6 Bd3
21. Be7 Rfe8 22. Bxd6 b6 23. b3 Rad8 24. Bc7 Rd7 25. d6 f5 26. Kd2 e4 27. Rge1
Re6 28. f3 Rf7 29. fxe4 fxe4 30. Re3 g5 31. Rae1 Rf2+ 32. Kd1 1-0

[Event "12. Obert Int. Sant Marti 2010 - B"]
[Site "Barcelona ESP"]
[Date "2010.07.17"]
[Round "5.8"]
[White "Corrales Adamuz, Cristian"]
[Black "Rios, Berral Javier"]
[Result "1-0"]
[WhiteElo "1820"]
[BlackElo "1848"]
[PlyCount "93"]
[EventDate "2010.07.13"]
[EventType "swiss"]
[EventRounds "9"]
[EventCountry "ESP"]
[SourceTitle "Ajedrez en Madrid"]
[Source "lmi"]
[SourceDate "2010.07.13"]
[SourceVersion "1"]
[SourceVersionDate "2019.06.18"]
[SourceQuality "1"]

1. c4 c5 2. Nc3 Nc6 3. g3 d6 4. Bg2 g6 5. d3 Bg7 6. e3 a6 7. Nge2 Nf6 8. O-O
O-O 9. a3 Be6 10. Rb1 Qd7 11. Nf4 Rab8 12. Nxe6 fxe6 13. b4 cxb4 14. axb4 b5
15. cxb5 axb5 16. Qb3 Ne5 17. Rd1 Nfg4 18. f4 Nf7 19. d4 d5 20. Ra1 Nd6 21. Bf1
Nf5 22. Ne2 Rfc8 23. h3 Nf6 24. Kg2 Ne4 25. Bd2 Rc7 26. Be1 Rbc8 27. Rac1 Rc2
28. Rxc2 Rxc2 29. g4 Nc3 30. Bxc3 Nxe3+ 31. Kf3 Rxe2 32. Bxe2 Nxd1 33. Qxd1 Qc6
34. Qd3 Kf7 35. Bb2 Kf8 36. g5 Kf7 37. Qc3 Qa6 38. Qa3 Qc6 39. Bd3 Qb6 40. Qa5
Bxd4 41. Qxb6 Bxb6 42. Bxb5 Bc7 43. Bd4 Bb8 44. Bd7 Bc7 45. b5 Bb8 46. b6 h6
47. Be5 1-0

[Event "12. Obert Int. Sant Marti 2010 - B"]
[Site "Barcelona ESP"]
[Date "2010.07.17"]
[Round "5.10"]
[White "Navarro Coloma, Antonio"]
[Black "Romero Funieles, Rafael"]
[Result "1/2-1/2"]
[WhiteElo "1954"]
[BlackElo "1769"]
[PlyCount "51"]
[EventDate "2010.07.13"]
[EventType "swiss"]
[EventRounds "9"]
[EventCountry "ESP"]
[SourceTitle "Ajedrez en Madrid"]
[Source "lmi"]
[SourceDate "2010.07.13"]
[SourceVersion "1"]
[SourceVersionDate "2019.06.18"]
[SourceQuality "1"]

1. d4 d6 2. Nf3 e6 3. Bf4 h6 4. Nbd2 a6 5. a4 b6 6. e3 Bb7 7. h3 Nd7 8. Bd3 Be7
9. O-O g5 10. Bh2 Ngf6 11. e4 g4 12. hxg4 Nxg4 13. e5 Nxh2 14. Kxh2 Bg5 15. Be4
d5 16. Bd3 Qe7 17. Qe2 Rg8 18. g3 h5 19. Nxg5 Qxg5 20. Nf3 Qg4 21. Rh1 c5 22.
dxc5 Nxc5 23. Nh4 Qg5 24. Nf3 Qg4 25. Nh4 Qg5 26. Nf3 1/2-1/2

[Event "12. Obert Int. Sant Marti 2010 - B"]
[Site "Barcelona ESP"]
[Date "2010.07.17"]
[Round "5.11"]
[White "Sanchez Sanchez, Ignasi"]
[Black "Llopis Jordan, Lluis"]
[Result "1/2-1/2"]
[WhiteElo "1986"]
[BlackElo "1832"]
[PlyCount "56"]
[EventDate "2010.07.13"]
[EventType "swiss"]
[EventRounds "9"]
[EventCountry "ESP"]
[SourceTitle "Ajedrez en Madrid"]
[Source "lmi"]
[SourceDate "2010.07.13"]
[SourceVersion "1"]
[SourceVersionDate "2019.06.18"]
[SourceQuality "1"]

1. d4 c6 2. Nf3 d5 3. Bf4 Bf5 4. e3 e6 5. Nbd2 Qb6 6. b3 Bb4 7. Bd3 Bg4 8. O-O
Nf6 9. c4 Nh5 10. c5 Qa5 11. Bd6 Bxd2 12. Qxd2 Qxd2 13. Nxd2 Nf6 14. f3 Bh5 15.
Kf2 Bg6 16. Ke2 Bxd3+ 17. Kxd3 Nfd7 18. e4 f6 19. exd5 cxd5 20. f4 Nc6 21. a3
a5 22. Kc3 Kf7 23. Nf3 h6 24. b4 axb4+ 25. axb4 b5 26. g4 g6 27. h4 f5 28. gxf5
gxf5 1/2-1/2

[Event "12. Obert Int. Sant Marti 2010 - B"]
[Site "Barcelona ESP"]
[Date "2010.07.17"]
[Round "5.12"]
[White "Serentill Tost, Eduard"]
[Black "Amor Alcaide, Manuel"]
[Result "0-1"]
[WhiteElo "1776"]
[BlackElo "1978"]
[PlyCount "29"]
[EventDate "2010.07.13"]
[EventType "swiss"]
[EventRounds "9"]
[EventCountry "ESP"]
[SourceTitle "Ajedrez en Madrid"]
[Source "lmi"]
[SourceDate "2010.07.13"]
[SourceVersion "1"]
[SourceVersionDate "2019.06.18"]
[SourceQuality "1"]

1. e4 d6 2. d4 Nf6 3. Nc3 c6 4. f4 Qc7 5. Bc4 b5 6. Bd3 a6 7. Nf3 Nbd7 8. O-O
e5 9. f5 Qa7 10. Ne2 exd4 11. Nexd4 c5 12. e5 dxe5 13. Nc6 Qb6 14. c4 Qxc6 15.
Qb3 0-1

[Event "12. Obert Int. Sant Marti 2010 - B"]
[Site "Barcelona ESP"]
[Date "2010.07.18"]
[Round "6.1"]
[White "Agostinho, Tito André Quiela"]
[Black "Riekenbrauk, Joerg"]
[Result "1-0"]
[WhiteElo "2000"]
[BlackElo "1946"]
[PlyCount "43"]
[EventDate "2010.07.13"]
[EventType "swiss"]
[EventRounds "9"]
[EventCountry "ESP"]
[SourceTitle "Ajedrez en Madrid"]
[Source "lmi"]
[SourceDate "2010.07.13"]
[SourceVersion "1"]
[SourceVersionDate "2019.06.18"]
[SourceQuality "1"]

1. d4 f5 2. c4 Nf6 3. Nc3 g6 4. Nf3 d6 5. g3 Bg7 6. Bg2 O-O 7. O-O Qe8 8. d5
Na6 9. Be3 c6 10. h3 Nc7 11. Qd2 b5 12. dxc6 bxc4 13. Nd4 Rb8 14. Rab1 d5 15.
f4 Ne4 16. Nxe4 fxe4 17. Qa5 Qd8 18. Rfd1 e5 19. Nc2 Rb5 20. Qxa7 Ne6 21. a4
Qa5 22. axb5 1-0

[Event "12. Obert Int. Sant Marti 2010 - B"]
[Site "Barcelona ESP"]
[Date "2010.07.18"]
[Round "6.2"]
[White "Castrillo Mansego, Pablo"]
[Black "Marina De La Torre, Ivan"]
[Result "1/2-1/2"]
[WhiteElo "1945"]
[BlackElo "1944"]
[PlyCount "67"]
[EventDate "2010.07.13"]
[EventType "swiss"]
[EventRounds "9"]
[EventCountry "ESP"]
[SourceTitle "Ajedrez en Madrid"]
[Source "lmi"]
[SourceDate "2010.07.13"]
[SourceVersion "1"]
[SourceVersionDate "2019.06.18"]
[SourceQuality "1"]

1. e4 e6 2. d4 d5 3. Nc3 Nf6 4. e5 Nfd7 5. Qg4 c5 6. Nb5 cxd4 7. Nf3 h6 8. Nd6+
Bxd6 9. Qxg7 Bb4+ 10. c3 dxc3 11. Qxh8+ Nf8 12. Bb5+ Bd7 13. Bxd7+ Nbxd7 14.
O-O Qc7 15. a3 Ba5 16. b4 Bb6 17. Bxh6 O-O-O 18. Bg5 Re8 19. Qg7 Kb8 20. Qxf7
Rc8 21. Be7 Qc4 22. Bd6+ Ka8 23. Rac1 d4 24. Nd2 Qe2 25. Nb3 a6 26. Nc5 Bxc5
27. bxc5 c2 28. Qf3 Qxf3 29. gxf3 d3 30. Rfd1 cxd1=Q+ 31. Rxd1 Nxc5 32. Bxc5
Rxc5 33. Rxd3 Ng6 34. Re3 1/2-1/2

[Event "12. Obert Int. Sant Marti 2010 - B"]
[Site "Barcelona ESP"]
[Date "2010.07.18"]
[Round "6.4"]
[White "Serra Vilaro, Agustin"]
[Black "Poyato Plaza, Daniel"]
[Result "0-1"]
[WhiteElo "1877"]
[BlackElo "1893"]
[PlyCount "74"]
[EventDate "2010.07.13"]
[EventType "swiss"]
[EventRounds "9"]
[EventCountry "ESP"]
[SourceTitle "Ajedrez en Madrid"]
[Source "lmi"]
[SourceDate "2010.07.13"]
[SourceVersion "1"]
[SourceVersionDate "2019.06.18"]
[SourceQuality "1"]

1. d4 f5 2. e4 fxe4 3. Nc3 Nf6 4. Bg5 e6 5. Bxf6 Qxf6 6. Nxe4 Qg6 7. Ng3 Be7 8.
Bd3 Qf6 9. Nf3 d6 10. Qd2 Nc6 11. c3 Bd7 12. O-O-O O-O-O 13. Rhe1 h6 14. h4
Rhf8 15. Kb1 e5 16. d5 Nb8 17. Re4 g5 18. hxg5 hxg5 19. Rb4 g4 20. Ne4 Qf7 21.
Ne1 Qxd5 22. Ba6 Bc6 23. Qxd5 Bxd5 24. Rxd5 Nxa6 25. Ra4 c6 26. Rd2 d5 27. Ng3
e4 28. b4 Bh4 29. Nh1 Nc7 30. Nc2 Nb5 31. Kb2 Bf6 32. Nd4 Bxd4 33. cxd4 Rh8 34.
Ng3 Rh2 35. Ra5 Nd6 36. Nf1 Nc4+ 37. Kc3 Rxg2 0-1

[Event "12. Obert Int. Sant Marti 2010 - B"]
[Site "Barcelona ESP"]
[Date "2010.07.18"]
[Round "6.5"]
[White "Reyes Jimenez, Alex"]
[Black "Amor Alcaide, Manuel"]
[Result "1-0"]
[WhiteElo "1904"]
[BlackElo "1978"]
[PlyCount "73"]
[EventDate "2010.07.13"]
[EventType "swiss"]
[EventRounds "9"]
[EventCountry "ESP"]
[SourceTitle "Ajedrez en Madrid"]
[Source "lmi"]
[SourceDate "2010.07.13"]
[SourceVersion "1"]
[SourceVersionDate "2019.06.18"]
[SourceQuality "1"]

1. e4 d6 2. d4 Nf6 3. Nc3 c6 4. Nf3 Bg4 5. h3 Bxf3 6. Qxf3 e5 7. Be3 Nbd7 8.
O-O-O a6 9. dxe5 dxe5 10. g4 g6 11. h4 Bb4 12. g5 Nh5 13. Bh3 f5 14. exf5 O-O
15. f6 Nhxf6 16. Be6+ Kg7 17. gxf6+ Qxf6 18. Rxd7+ Be7 19. Qxf6+ Kxf6 20. Bg5+
Kxe6 21. Rxe7+ Kf5 22. f4 exf4 23. Rf1 Kg4 24. Re4 h6 25. Rexf4+ Rxf4 26. Rxf4+
Kh5 27. Bf6 g5 28. hxg5 hxg5 29. Rf2 g4 30. Ne4 Re8 31. Rf5+ Kh6 32. Bg5+ Kg7
33. Rf4 Re6 34. Rxg4 Kg6 35. Rf4 Re5 36. Kd2 c5 37. Ke3 1-0

[Event "12. Obert Int. Sant Marti 2010 - B"]
[Site "Barcelona ESP"]
[Date "2010.07.18"]
[Round "6.6"]
[White "Rabinovich, Yacov"]
[Black "Pariente Lopez, Eduard"]
[Result "0-1"]
[WhiteElo "1773"]
[BlackElo "1965"]
[PlyCount "55"]
[EventDate "2010.07.13"]
[EventType "swiss"]
[EventRounds "9"]
[EventCountry "ESP"]
[SourceTitle "Ajedrez en Madrid"]
[Source "lmi"]
[SourceDate "2010.07.13"]
[SourceVersion "1"]
[SourceVersionDate "2019.06.18"]
[SourceQuality "1"]

1. e4 e6 2. b3 d5 3. Bb2 Nf6 4. e5 Nfd7 5. f4 c5 6. Nf3 a6 7. d4 Nc6 8. c4 Nb6
9. Nbd2 cxd4 10. Nxd4 Nxd4 11. Bxd4 dxc4 12. Bxb6 Qxb6 13. Bxc4 Qe3+ 14. Qe2
Qxf4 15. O-O-O b5 16. Bd3 Ba3+ 17. Kb1 O-O 18. Rdf1 Qb4 19. Be4 Ra7 20. Nf3 Bb7
21. Bxh7+ Kxh7 22. Ng5+ Kg8 23. Rf3 Rc8 24. Rh3 Be4+ 25. Nxe4 Rac7 26. Rh8+
Kxh8 27. Qh5+ Kg8 28. Nf6+ 0-1

[Event "12. Obert Int. Sant Marti 2010 - B"]
[Site "Barcelona ESP"]
[Date "2010.07.18"]
[Round "6.8"]
[White "Benet Saniger, Xavier"]
[Black "Roche Peris, Eduard"]
[Result "1-0"]
[WhiteElo "1727"]
[BlackElo "1901"]
[PlyCount "65"]
[EventDate "2010.07.13"]
[EventType "swiss"]
[EventRounds "9"]
[EventCountry "ESP"]
[SourceTitle "Ajedrez en Madrid"]
[Source "lmi"]
[SourceDate "2010.07.13"]
[SourceVersion "1"]
[SourceVersionDate "2019.06.18"]
[SourceQuality "1"]

1. Nf3 Nf6 2. d4 e6 3. c4 d5 4. Nc3 Be7 5. e3 O-O 6. cxd5 exd5 7. Bd3 b6 8. O-O
Ba6 9. Ne5 Bxd3 10. Qxd3 c6 11. Bd2 Bd6 12. f4 Nfd7 13. Rf3 f5 14. Raf1 Nf6 15.
Qxf5 Qe8 16. Rh3 Bxe5 17. fxe5 g6 18. Qg5 Ne4 19. Rxf8+ Qxf8 20. Nxe4 dxe4 21.
Qf4 Qxf4 22. exf4 Nd7 23. Kf2 Rd8 24. Ke3 c5 25. d5 c4 26. Kxe4 b5 27. Bb4 Nb6
28. Ba5 b4 29. Bxb6 axb6 30. Kd4 Rc8 31. e6 b5 32. d6 Kf8 33. Re3 1-0

[Event "12. Obert Int. Sant Marti 2010 - B"]
[Site "Barcelona ESP"]
[Date "2010.07.18"]
[Round "6.12"]
[White "Poyato Ruiz, Fernando"]
[Black "Sanchez Sanchez, Ignasi"]
[Result "1-0"]
[WhiteElo "1754"]
[BlackElo "1986"]
[PlyCount "68"]
[EventDate "2010.07.13"]
[EventType "swiss"]
[EventRounds "9"]
[EventCountry "ESP"]
[SourceTitle "Ajedrez en Madrid"]
[Source "lmi"]
[SourceDate "2010.07.13"]
[SourceVersion "1"]
[SourceVersionDate "2019.06.18"]
[SourceQuality "1"]

1. d4 d5 2. c4 dxc4 3. Nc3 c5 4. e3 cxd4 5. exd4 Nf6 6. Bxc4 e6 7. Nf3 Be7 8.
O-O O-O 9. Bg5 Nbd7 10. Re1 Re8 11. Rc1 Nb6 12. Bb5 Bd7 13. Ne5 a6 14. Bd3 Rf8
15. Re3 g6 16. Bh6 Re8 17. Rg3 Bf8 18. Bxf8 Rxf8 19. Be4 Nxe4 20. Nxe4 Nd5 21.
Qd2 Kg7 22. Ng4 f5 23. Qh6+ Kg8 24. Ng5 Qe7 25. Ne5 Be8 26. h4 Nf6 27. Rgc3 Nd5
28. Rc5 Rd8 29. h5 gxh5 30. Nxe6 Rd6 31. Qxf8+ Qxf8 32. Nxf8 Kxf8 33. Nc4 Rd8
34. Ne3 Nf4 1-0

[Event "12. Obert Int. Sant Marti 2010 - B"]
[Site "Barcelona ESP"]
[Date "2010.07.19"]
[Round "7.1"]
[White "Poyato Plaza, Daniel"]
[Black "Agostinho, Tito André Quiela"]
[Result "0-1"]
[WhiteElo "1893"]
[BlackElo "2000"]
[PlyCount "108"]
[EventDate "2010.07.13"]
[EventType "swiss"]
[EventRounds "9"]
[EventCountry "ESP"]
[SourceTitle "Ajedrez en Madrid"]
[Source "lmi"]
[SourceDate "2010.07.13"]
[SourceVersion "1"]
[SourceVersionDate "2019.06.18"]
[SourceQuality "1"]

1. d4 d5 2. c4 c6 3. Nc3 Nf6 4. Nf3 a6 5. e3 b5 6. cxd5 cxd5 7. Bd3 g6 8. O-O
Bg7 9. Bd2 O-O 10. Rc1 Bb7 11. Qe2 Ne4 12. a3 e6 13. Rc2 Nd7 14. Rfc1 Nb6 15.
Nb1 Nxd2 16. Nbxd2 Nc4 17. Bxc4 dxc4 18. b3 cxb3 19. Nxb3 Be4 20. Rc3 Qd5 21.
Nbd2 Qa2 22. Kf1 Bxf3 23. Nxf3 Qd5 24. Rc5 Qd6 25. Qd3 Ra7 26. Rc6 Qe7 27. Qb3
h6 28. Qb4 Qxb4 29. axb4 Rfa8 30. Nd2 Bf8 31. Rb1 a5 32. bxa5 Rxa5 33. Nb3 Ra2
34. Nc5 Bxc5 35. Rxc5 Rd2 36. Kg1 Raa2 37. Rf1 Rab2 38. Rcc1 b4 39. Rc7 b3 40.
Rb7 Rd3 41. h3 Rc2 42. Rb1 Rdd2 43. R7xb3 Rxf2 44. Re1 Rxg2+ 45. Kh1 Rh2+ 46.
Kg1 Rxh3 47. Rb8+ Kg7 48. e4 Rg3+ 49. Kh1 Rgc3 50. Rd1 Rc1 51. Rxc1 Rxc1+ 52.
Kg2 h5 53. d5 exd5 54. exd5 Kf6 0-1

[Event "12. Obert Int. Sant Marti 2010 - B"]
[Site "Barcelona ESP"]
[Date "2010.07.19"]
[Round "7.2"]
[White "Riekenbrauk, Joerg"]
[Black "Diaz Nieto, Alberto"]
[Result "0-1"]
[WhiteElo "1946"]
[BlackElo "1957"]
[PlyCount "24"]
[EventDate "2010.07.13"]
[EventType "swiss"]
[EventRounds "9"]
[EventCountry "ESP"]
[SourceTitle "Ajedrez en Madrid"]
[Source "lmi"]
[SourceDate "2010.07.13"]
[SourceVersion "1"]
[SourceVersionDate "2019.06.18"]
[SourceQuality "1"]

1. e4 d5 2. exd5 Qxd5 3. Nc3 Qa5 4. Nf3 Nf6 5. d4 Bg4 6. Bc4 Nc6 7. Be3 O-O-O
8. Bxf7 Nxd4 9. Bxd4 e5 10. Qd2 exd4 11. Nxd4 Qe5+ 12. Nce2 Rxd4 0-1